| 000 | 00980cam a22002411a 4500 | ||
|---|---|---|---|
| 001 | e 11001582 | ||
| 003 | DLC | ||
| 005 | 20260227111156.0 | ||
| 008 | 830531s1911 dcu f001 0 eng c | ||
| 010 | _ae 11001582 | ||
| 035 | _a(OCoLC)9560879 | ||
| 040 |
_aLibrary, U.S. Bur. of Education _cABAU _dABAU _dDLC |
||
| 042 | _apremarc | ||
| 050 | 0 | 0 |
_aL111 _b.A6 1911, no. 3 |
| 051 |
_aLB1731 _b.R8 |
||
| 100 | 1 |
_aRuediger, William Carl, _d1874- |
|
| 245 | 1 | 0 |
_aAgencies for the improvement of teachers in service / _cby William Carl Ruediger. |
| 260 |
_aWashington : _bG.P.O., _c1911. |
||
| 300 |
_a157 p. ; _c23 cm. |
||
| 490 | 0 |
_aBulletin / U.S. Bureau of Education ; _v1911, no. 3 = Whole no. 449 |
|
| 501 |
_aL111.A6 with: Bibliography of science teaching / American federation of teachers of the mathematical and the natural sciences. Washington : Govt. Print. Off., 1911. Bound together subsequent to publication. _5DLC |
||
| 650 | 0 |
_aTeachers _xTraining of _zUnited States. |
|
| 999 |
_c19226 _d19226 |
||